000 00429nam a2200157 i 4500
001 41638
003 ES-MaACL
005 20230906160451.0
007 t|
008 030311s1979 sp ||||1| spa d
100 1 _aCastellano, Pablo.
_936507
245 1 0 _aSobre el Partido Obrero /
_cPablo Castellano.
260 _a[Barcelona] :
_bEl Viejo Topo,
_c[1979]
300 _a145 p. ;
_c19 cm.
852 _aES-MaACL
_jA-10477
_bR.99348
999 _c41638
_d41638